El Congreso de los Estados Unidos: Estructura y funcionamiento / (Record no. 824)

000 -CABECERA
fixed length control field 00934nam a22002537a 4500
003 - IDENTIFICADOR DEL NÚMERO DE CONTROL
control field AR-CdUCM
008 - DATOS DE LONGITUD FIJA--INFORMACIÓN GENERAL
fixed length control field 190225b ||||| |||| 00| 0 spa d
020 ## - NÚMERO INTERNACIONAL ESTÁNDAR DEL LIBRO
ISBN 0-87187-254-4
040 ## - FUENTE DE LA CATALOGACIÓN
Agencia/entidad que catalogó originalmente la obra MUNICIPALIDAD PROVINCIAL DEL CUSCO
Entidad que transcribió la catalogación BIBLIOTECA MUNICIPAL DEL CUSCO
082 ## - NÚMERO DE LA CLASIFICACIÓN DECIMAL DEWEY
No. de Clasificación 328.739 /
Notacion interna C74
110 ## - ENTRADA PRINCIPAL--NOMBRE DE ENTIDAD CORPORATIVA
Nombre de la institución, jurisdicción como entrada principal Congressional Quarterly Inc.(Washington, D.C.)
9 (RLIN) 3122
245 ## - MENCIÓN DE TÍTULO
Título El Congreso de los Estados Unidos: Estructura y funcionamiento /
260 ## - PUBLICACIÓN, DISTRIBUCIÓN, ETC.
Lugar de publicación, distribución, etc. México, D.F :
Nombre de la editorial, distribuidor, etc. Limusa,
Fecha de publicación, distribución, etc. 1992.
300 ## - DESCRIPCIÓN FÍSICA
Nº de Páginas Extensión 248 páginas ;
Dimensiones 28 cm.
505 ## - NOTA DE CONTENIDO CON FORMATO
Nota de contenido formateada Introducción -- Liderato del partido en el Congreso -- El proceso legislativo -- El sistema de comités -- Expansión del personal de comités...
650 ## - PUNTO DE ACCESO ADICIONAL DE MATERIA--TÉRMINO DE MATERIA
Descriptor Ciencias Políticas
9 (RLIN) 3123
650 ## - PUNTO DE ACCESO ADICIONAL DE MATERIA--TÉRMINO DE MATERIA
Descriptor Liderazgo
9 (RLIN) 3124
650 ## - PUNTO DE ACCESO ADICIONAL DE MATERIA--TÉRMINO DE MATERIA
Descriptor Sistema democrático
9 (RLIN) 3125
650 ## - PUNTO DE ACCESO ADICIONAL DE MATERIA--TÉRMINO DE MATERIA
Descriptor Estados Unidos
9 (RLIN) 1805
650 ## - PUNTO DE ACCESO ADICIONAL DE MATERIA--TÉRMINO DE MATERIA
Descriptor Derecho
9 (RLIN) 739
942 ## - ELEMENTOS DE PUNTO DE ACCESO ADICIONAL (KOHA)
Fuente de clasificación
Tipo de item Libros-BMC
945 ## - PROCESAMIENTO DE INFORMACIÓN LOCAL (OCLC)
Catalogador dmma
AAAA-MM-DD - Fecha de ingreso o modificacion 2019-02-25
Holdings
Estado de retiro (separado) Fuente de clasificación o esquema de estanterías Estado dañado Ubicación Sala donde se ubica Nombre de la colección Fecha de adquisición o compra Costo, precio normal en soles Signatura topográfica Código de Barras Última vez visto (Koha) Tipo de ítem (Koha)
No     Sala Humanidades Sala Humanidades Book Cart 2019-02-25 30.00 328.739 / C74 SH0000000803 2019-02-25 Libros-BMC

Powered by Koha